| 000 | nam a22 a 4500 | ||
|---|---|---|---|
| 999 |
_c977 _d977 |
||
| 005 | 20170508101732.0 | ||
| 008 | 170508s1987 m |||| |||| 00| 0 may d | ||
| 040 | _aAKMAL | ||
| 082 | _a297.2 MOH | ||
| 090 |
_a297.2 _bMOH |
||
| 100 |
_aMohd. Sulaiman bin Haji Yasin _92066 |
||
| 245 |
_aPengantar 'aqidah / _cMohd. Sulaiman Haji Yasin |
||
| 250 | _aEdisi ke-2 | ||
| 260 |
_aKuala Lumpur _bDewan Bahasa dan Pustaka _cc1987 |
||
| 300 |
_axii, 275ms. _c23cm |
||
| 504 | _aIncludes bibliographical reference | ||
| 599 | _aDALAM PROSES | ||
| 650 | 1 | 0 |
_aIslam _9922 |
| 942 |
_2ddc _cBOOK |
||